| 000 | 00659nam a2200193Ia 4500 | ||
|---|---|---|---|
| 003 | GCL | ||
| 008 | 140319s9999 xx 000 0 ara d | ||
| 040 |
_aGCL / _cGCL |
||
| 082 | 0 | 4 |
_a330.956 _bس ت |
| 100 | 1 | _aسليمان الدباشى | |
| 245 | 1 | 0 |
_aالتكامل الاقتصادى العربى الواقع والافاق / _cسليمان الدباشى |
| 700 | 1 | _aمحمد محمود الامام | |
| 300 | _a292 ص | ||
| 490 |
_aسلسلة كتب المستقبل العربى _v0 |
||
| 650 | 0 | 4 | _aالاقتصاد |
| 650 | 0 | 4 | _aالتكامل الاقتصادى |
| 650 | 0 | 4 | _aالعالم العربى - اقتصاديات |
| 942 |
_2ddc _cBK |
||
| 999 |
_c52280 _d52280 |
||